000 00440nam a22001577a 4500
008 220315b |||||||| |||| 00| 0 eng d
020 _a1473764347
050 _aHF5636
_b.G46 2019
100 _aGrene, Jenny
245 _aIntroduction to Financial and Management Accounting
_cJenny Grene
260 _aAustralia
_bCengage
_c2019
300 _aix, 395p.
650 _aAccounting
650 _aManagerial accounting
942 _2lcc
_cBK
999 _c19271
_d19270